| 000 -CABECERA |
| Longitud fija campo de control |
00566nam a2200205 a 4500 |
| 001 - NÚMERO DE CONTROL |
| Número de control |
921 |
| 003 - IDENTIFICADOR DEL NÚMERO DE CONTROL |
| Identificador del número de control |
CDMR |
| 005 - FECHA Y HORA DE LA ÚLTIMA TRANSACCIÓN |
| Fecha y hora de la última transacción |
20131018110004.0 |
| 008 - CÓDIGOS DE INFORMACIÓN DE LONGITUD FIJA |
| Códigos de información de longitud fija |
130130s1974||||||||||||||||||||||||||||d |
| 020 ## - NÚMERO INTERNACIONAL NORMALIZADO PARA LIBROS |
| Número Internacional Normalizado para Libros (ISBN) |
8485047249 |
| 040 ## - FUENTE DE LA CATALOGACIÓN |
| Centro catalogador de origen |
CDMR |
| Lengua de catalogación |
cat |
| Centro transcriptor |
CPC LLEIDA |
| 100 1# - PUNTO DE ACCESO PRINCIPAL-NOMBRE DE PERSONA |
| Nombre de persona |
Kayser, Jacques |
| 9 (RLIN) |
549 |
| 245 13 - MENCIÓN DE TÍTULO |
| Título |
El diario francés |
| Mención de responsabilidad, etc. |
Jacques Kayser |
| 260 ## - PUBLICACIÓN, DISTRIBUCIÓN, ETC. (PIE DE IMPRENTA) |
| Lugar de publicación, distribución, etc. |
Barcelona |
| Fecha de publicación, distribución, etc. |
1974 |
| Nombre del editor, distribuidor, etc. |
ATE |
| 490 0# - MENCIÓN DE SERIE |
| Mención de serie |
Libros de comunicación social |
| 650 04 - PUNTO DE ACCESO ADICIONAL DE MATERIA - TÉRMINO DE MATERIA |
| 9 (RLIN) |
3752 |
| Término de materia o nombre geográfico como elemento inicial |
Premsa |
| Subdivisión geográfica |
França |
| 650 04 - PUNTO DE ACCESO ADICIONAL DE MATERIA - TÉRMINO DE MATERIA |
| 9 (RLIN) |
3419 |
| Término de materia o nombre geográfico como elemento inicial |
Diaris |
| Subdivisión de materia general |
Seccions, columnes, etc |
| 650 04 - PUNTO DE ACCESO ADICIONAL DE MATERIA - TÉRMINO DE MATERIA |
| 9 (RLIN) |
311 |
| Término de materia o nombre geográfico como elemento inicial |
Empreses periodístiques |
| 942 ## - ENTRADA DE ELEMENTOS AGREGADOS (KOHA) |
| Koha [por defecto] tipo de item |
Monografies |
| Fuente de clasificaión o esquema |
|